Loading...
| Fine Arts - Painting and Sculpture | 0 | 7 | 0 | 1 | 70 | 67 | 89.86 | 0 | 5 | 16.80 | 47.32 |
| Fine Arts - Other | 0 | 5 | 0 | 0 | 50 | 63 | 91.80 | 2 | 5 | 10.41 | 42.50 |
| Fine Arts - Classical Music | 0 | 5 | 1 | 1 | 45 | 49 | 78.40 | 1 | 4 | 16.02 | 38.75 |
| History - Other | 0 | 5 | 2 | 1 | 40 | 59 | 76.20 | 2 | 4 | 15.67 | 31.25 |
| Literature - British | 0 | 4 | 1 | 0 | 35 | 51 | 76.25 | 3 | 4 | 8.11 | 25.83 |
| Geography | 0 | 3 | 0 | 0 | 30 | 59 | 67.67 | 1 | 2 | 24.32 | 37.86 |
| Religion | 0 | 3 | 0 | 0 | 30 | 28 | 50.33 | 0 | 2 | 17.85 | 22.50 |
| Literature - European | 0 | 3 | 0 | 0 | 30 | 66 | 86.33 | 0 | 2 | 7.68 | 20.00 |
| Current Events | 0 | 2 | 0 | 0 | 20 | 12 | 20.00 | 2 | 2 | 40.70 | 50.00 |
| History - European | 0 | 3 | 2 | 0 | 20 | 29 | 54.00 | 0 | 3 | 8.36 | 11.11 |
| History - World | 0 | 3 | 2 | 0 | 20 | 24 | 59.33 | 2 | 3 | 12.74 | 26.25 |
| Mythology | 0 | 2 | 0 | 1 | 20 | 83 | 91.50 | 1 | 1 | 1.91 | 15.00 |
| Science - Biology | 0 | 2 | 0 | 1 | 20 | 76 | 86.00 | 0 | 0 | 3.41 | 7.50 |
| Philosophy | 0 | 2 | 1 | 0 | 15 | 62 | 70.50 | 0 | 2 | 7.94 | 17.19 |
| Popular Culture | 0 | 1 | 0 | 0 | 10 | 44 | 44.00 | 0 | 1 | 12.73 | 17.50 |
| History - American | 0 | 1 | 0 | 0 | 10 | 77 | 77.00 | 0 | 0 | 15.00 | 6.25 |
| Literature - World | 0 | 2 | 2 | 1 | 10 | 81 | 102.00 | 0 | 0 | 3.51 | 10.00 |
| Science - Chemistry | 0 | 1 | 0 | 1 | 10 | 118 | 118.00 | 1 | 1 | 0.00 | 10.00 |
| Science - Other | 0 | 0 | 1 | 0 | -5 | 0.00 | 0 | 0 | 0.00 | 0.00 |